Mexico 2013 review of the mexican national civil protection system

Salvato in:
Dettagli Bibliografici
Natura: Libro
Lingua:inglese
Pubblicazione: Paris OECD 2013
Serie:OECD reviews of risk management policies
Soggetti:
Tags: Aggiungi Tag
Nessun Tag, puoi essere il primo ad aggiungerne!!

MARC

LEADER 00000nam a2200000 4500
001 0177649
005 20240315120928.9
020 |a 978-92-64-19219-5 
041 0 |a eng 
044 |a FR 
245 1 0 |a Mexico 2013  |b review of the mexican national civil protection system 
264 1 |a Paris  |b OECD  |c 2013 
300 |a 222 s. 
490 1 |a OECD reviews of risk management policies 
830 0 |a OECD reviews of risk management policies 
610 2 0 |a bezpečnosť 
610 2 0 |a spoločnosť 
610 2 0 |a konflikty 
610 2 0 |a manažment krízový 
610 2 0 |a spolupráca medzinárodná 
610 2 0 |a Mexiko